000 00446nam a2200169Ia 4500
008 230917s9999||||xx |||||||||||||| ||und||
020 _cRS 900.00
040 _e5013749
_aMAIN
041 _aEnglish
082 _a361.6 A14S
100 _aAnand Prakash
245 0 _aSocial welfare and administration
260 _aJaipur
_bRBSA Publishers
_c2020
300 _a297 p.
500 _a4520 02/02/2022 IF22/1077 03/02/2022 Main Budget
942 _cBK
999 _c5423
_d5423